A Confederate soldier in Egypt.

محفوظ في:

المؤلف الرئيسي: Loring, William Wing, 1818-1886 (مؤلف)

التنسيق: كتاب

اللغة: English

منشور في: New York : Dodd, Mead & company, [c1884].

الموضوعات:

الوسوم: إضافة وسم

لا توجد وسوم, كن أول من يضع وسما على هذه التسجيلة!

رقم الطلب: DT54 .L87 1884

LEADER 00582nam a2200193Ia 4500
003 OSt
005 20260326124945.0
008 211223s1884 nyubf 000 0 eng d
040 |c ARCE Library 
050 4 |a DT54 .L87 1884 
100 1 |a Loring, William Wing,   |d 1818-1886,   |e author 
245 1 2 |a A Confederate soldier in Egypt. 
264 1 |a New York :   |b Dodd, Mead & company,   |c [c1884]. 
300 |a xviii, 450 p. :   |b front., plates, maps ;   |c 23 cm. 
651 0 |a Egypt   |x Description and travel. 
651 0 |a Ethiopia   |x History. 
901 |a reviewed 
942 |2 lcc  |c BK 
999 |c 41153  |d 41153